000
00312nam a22001217a 4500
008
160420b xxu||||| |||| 00| 0 eng d
020
_a
9780803628137
020
_a
10080368137
041
_a
eng
080
_a
618.2
245
_a
Maternal Child Nursing Care:
_c
Lusan L.Ward; and Shelton M.Hisley;
942
_2
udc
_c
BK
999
_c
1459
_d
1459